LEADER 04579oam 2200541 450 001 9910136422803321 005 20230808191923.0 035 $a(CKB)3710000000610049 035 $a(oapen)https://directory.doabooks.org/handle/20.500.12854/90064 035 $a(EXLCZ)993710000000610049 100 $a20160314h20162016 fu 0 101 0 $aeng 135 $aurmn#---||||| 181 $ctxt$2rdacontent 182 $cc$2rdamedia 183 $acr$2rdacarrier 200 10$aBaffin Island$b[electronic resource] $efield research and High Arctic adventure, 1961-67 /$fJack D. Ives 210 $aCalgary$cUniversity of Calgary Press$d2016 210 1$aCalgary, Alberta :$cUniversity of Calgary Press,$d2016. 210 4$dİ2016 215 $a1 online resource (234 pages) $cillustrations, maps; digital, PDF file(s) 225 1 $aNorthern Lights ;$vvolume 18 311 $a1-55238-830-1 320 $aIncludes bibliographical services and index. 327 $aForeword / by the Honourable Peter Adams --Introduction : the context of geographical research in Canada's Arctic in the 1960s --1. Baffin Island: the place and the research --2. Reconnaissance 1961: learning about airborne support --3. Building the team and developing credibility --4. Baffin 1962: ice mining on the Barnes Ice Cap --5. Expanding Baffin research and wider reconnaissance, 1963 --6. Initiatives and growth in Baffin operations, 1963-1964 --7. Glaciology in the Rockies added to Baffin studies, 1965 --8. Summit experiences and east coast research, 1966 --9. Last year of Baffin Island activities by the Geographical Branch, 1966-1967 --10. Career development of members of the field team --11. Assessment of the scientific results. 330 $aA geographer with extensive research experience in the Canadian North, Jack D. Ives has written a lively and informative account of several expeditions to Baffin Island during the "golden age" of federal research. In the 1960s, scientists from the Geographical Branch of Canada's Department of Energy, Mines, and Resources travelled to Baffin to study glacial geomorphology and glaciology. Their fieldwork resulted in vastly increased knowledge of the Far North-from its ice caps and glaciers to its lichens and microfossils. Drawing from the recollections of his Baffin colleagues as well as from his own memories, Ives takes readers on a remarkable adventure, describing the day-to-day experiences of the field teams in the context of both contemporary Arctic research and bureaucratic decision making. Along the way, his narrative illustrates the role played by the Cold War-era Distant Early Warning Line and other northern infrastructure, the crucial importance of his pioneering aerial photography, the unpredictable nature of planes, helicopters, and radios in Arctic regions, and of course, the vast and breathtaking scenery of the North.Baffin Island encompasses both field research and High Arctic adventure. The research trips to Baffin between 1961 and 1967 also served as a vital training ground in polar studies for university students; further, they represented a breakthrough in gender equality in government-sponsored science, thanks to the author's persistence in having women permitted on the teams. The book contains a special section detailing the subsequent professional achievements of the many researchers involved (in addition to the later career moves of Ives himself) and a chapter that delves deeper into the science behind their fieldwork in the North. Readers need not be versed in glaciology, however. Ives has produced a highly readable book that seamlessly combines research and adventure. 410 0$aNorthern Lights ;$vvolume 18. 606 $aGeographers$xTravel$zNunavut$zBaffin Island 606 $aGeographers$zCanada$vBiography 606 $aGeography$xFieldwork$zNunavut$zBaffin Island$xHistory$y20th century 606 $aResearch$xGovernment policy$zCanada$xHistory$y20th century 607 $aArctic regions$xResearch$zCanada$xHistory$y20th century 607 $aBaffin Island (Nunavut)$xHistory$y20th century 610 $aEarth sciences 610 $aEnvironment 610 $aField research 615 0$aGeographers$xTravel 615 0$aGeographers 615 0$aGeography$xFieldwork$xHistory 615 0$aResearch$xGovernment policy$xHistory 676 $a910.92 700 $aIves$b Jack D.$0613342 702 $aIves$b Jack D$4oth 801 2$bUkMaJRU 906 $aBOOK 912 $a9910136422803321 996 $aBaffin Island$91989749 997 $aUNINA LEADER 03988nam 2200613Ia 450 001 9910141811003321 005 20230803194957.0 010 $a1-118-57003-0 010 $a1-118-56994-6 010 $a1-118-57007-3 035 $a(CKB)2670000000401963 035 $a(EBL)1323608 035 $a(OCoLC)854521599 035 $a(SSID)ssj0000950337 035 $a(PQKBManifestationID)11522023 035 $a(PQKBTitleCode)TC0000950337 035 $a(PQKBWorkID)11005000 035 $a(PQKB)10245272 035 $a(MiAaPQ)EBC1323608 035 $a(DLC) 2013016648 035 $a(Au-PeEL)EBL1323608 035 $a(CaPaEBR)ebr10738062 035 $a(CaONFJC)MIL507220 035 $a(EXLCZ)992670000000401963 100 $a20130418d2014 uy 0 101 0 $aeng 135 $aur|n|---||||| 181 $ctxt 182 $cc 183 $acr 200 00$aLeadership in psychiatry$b[electronic resource] /$fedited by Dinesh Bhugra, Pedro Ruiz, Susham Gupta 210 $aChichester, West Sussex $cJohn Wiley & Sons$dc2014 215 $a1 online resource (285 p.) 300 $aDescription based upon print version of record. 311 $a1-299-75969-6 311 $a1-119-95291-3 320 $aIncludes bibliographical references and index. 327 $aWhat is leadership? / Dinesh Bhugra, Susham Gupta, Pedro Ruiz -- What makes a leader? : skills & competencies / Juan Jose? Lo?pez-Ibor, Blanca Reneses, Maria Ine?s Lo?pez-Ibor -- Medical professionalism, leadership, and professional judgement / Dinesh Bhugra ... [et al.] -- Leadership theories and approaches / John P. Baker -- Clinical leadership / Ahmed Okasha -- Leadership and clinician engagement in service development / Hugo de Waal -- Communication / Levent Kuey -- Leadership and decision-making / Dinesh Bhugra ... [et al.] -- Team development and functioning / Wolfgang Gaebel, Juergen Zielasek -- Coaching and mentoring / Rebecca Viney, Denise Harris -- Leadership and factions / Zoe Reed -- Leadership outside the clinical team / Juan Jose? Lo?pez-Ibor, Maria Ine?s Lo?pez-Ibor, Blanca Reneses -- Leadership in academic psychiatry / Dilip Jeste, Maja Gawronska -- Taking people with you / David Ndetei, Patrick Gatonga -- Leaders and managers : a case study in organizational transformation : the Sheppard Pratt experience, 1990-2011 / Robert Roca, Steve S. Sharfstein -- Burnout and disillusionment / Wulf Ressler -- Gender issues related to medical leadership / Marianne Kastrup, Klement Dymi -- Leadership for good vs good leadership in mental health / Sid Weissman, Ken Busch -- Acquiring leadership skills : description of an international programme for early career psychiatrists / Norman Sartorius -- Leadership, ethics and managing diversity / Julio Torales, Hugo Rodriguez, Dinesh Bhugra -- Assessment tools / Cindy L. Ehresman -- Learning materials / John P. Baker. 330 $aThe psychiatric profession must ensure that its next generation of leaders has the appropriate skills to provide mental health services in the face of globalization and urbanization, new technologies, and competing demands for shrinking resources. Developing leadership skills and leaders is critical in order to optimise the use of resources, their application, service planning and delivery of services for patients and their families. This is the first book on leadership (rather than management skills) to focus on psychiatry and mental health care. Contributions from international expe 606 $aLeadership 606 $aMental health services$xManagement 615 0$aLeadership. 615 0$aMental health services$xManagement. 676 $a616.890068 701 $aBhugra$b Dinesh$0860800 701 $aRuiz$b Pedro$f1936-$0860801 701 $aGupta$b Susham$0860802 801 0$bMiAaPQ 801 1$bMiAaPQ 801 2$bMiAaPQ 906 $aBOOK 912 $a9910141811003321 996 $aLeadership in psychiatry$91920968 997 $aUNINA